📖 150 premiers mots "Psychopompe" Amélie Nothomb - Statistiques

Statistiques générales
  • Ce quiz a Ă©tĂ© pris 11 fois
  • Le rĂ©sultat moyen est 70 sur 150
Statistiques - réponses
Mots % Correct
Ă 
100%
d'
100%
il
100%
Il
100%
de
91%
De
91%
Elle
91%
L'
91%
l'
91%
la
91%
La
91%
Le
91%
le
91%
s'
91%
ce
82%
des
82%
sa
82%
Sa
82%
se
82%
son
82%
un
82%
une
82%
en
73%
les
73%
ne
73%
dans
64%
fille
64%
moi.
64%
ou
64%
par
64%
pas
64%
pour
64%
qu'
64%
qui
64%
Qui ...
64%
ses
64%
était
55%
leur
55%
sans
55%
au
45%
noire
45%
peau
45%
plus.
45%
agissait
36%
Cette
36%
jeune
36%
rouge
36%
beauté,
27%
beauté
27%
blanc
27%
chevelure
27%
haut
27%
lèvres
27%
longue
27%
semblait
27%
bout
18%
boutique,
18%
décider
18%
finit
18%
marchand
18%
retour
18%
savoir
18%
sol.
18%
tel
18%
tissus
18%
vit
18%
achat.
9%
aider.
9%
blanches.
9%
blancheur,
9%
cliente
9%
douceur
9%
-Épousez-
9%
grues
9%
habit
9%
jusqu'
9%
kimono,
9%
lignage.
9%
lisse,
9%
manches
9%
mystérieuse.
9%
noblesse
9%
parler,
9%
passer
9%
plumage.
9%
précédent.
9%
rare
9%
tenta
9%
traînaient
9%
trouvait
9%
visite
9%
voix
9%
vol
9%
arborait
0%
comparable
0%
confirmation
0%
découvrir
0%
élevées.
0%
Émerveillé
0%
étincelait
0%
étoffe
0%
étrange :
0%
familles
0%
pensa
0%
portait
0%
proposa
0%
question
0%
reçut
0%
rĂŞverait
0%
signale
0%
splendeur
0%
Stupéfait,
0%
trait
0%
Aucun quiz correspondant
Distribution des résultats
% des personnes avec chaque résultat
Percentile par nombre de réponses
Votre historique - résultats
Vous n’avez pas pris ce quiz